<?xml version="1.0" encoding="UTF-8"?>
<marc:record xmlns:marc="http://www.loc.gov/MARC21/slim">
   <marc:leader>00000nam a2200000 a 4500</marc:leader>
   <marc:datafield ind1=" " ind2=" " tag="653">
      <marc:subfield code="a">Reiseführer Andalusien</marc:subfield>
   </marc:datafield>
   <marc:datafield ind1=" " ind2=" " tag="653">
      <marc:subfield code="a">Andalusien Reiseführer</marc:subfield>
   </marc:datafield>
   <marc:datafield ind1=" " ind2=" " tag="653">
      <marc:subfield code="a">Reiseführer Sevilla</marc:subfield>
   </marc:datafield>
   <marc:datafield ind1=" " ind2=" " tag="653">
      <marc:subfield code="a">Sevilla Reiseführer</marc:subfield>
   </marc:datafield>
   <marc:datafield ind1=" " ind2=" " tag="653">
      <marc:subfield code="a">Reiseführer Sevilla 2020</marc:subfield>
   </marc:datafield>
   <marc:datafield ind1=" " ind2=" " tag="653">
      <marc:subfield code="a">Sevilla Reiseführer 2020</marc:subfield>
   </marc:datafield>
   <marc:datafield ind1=" " ind2=" " tag="653">
      <marc:subfield code="a">Reiseführer Andalusien 2020</marc:subfield>
   </marc:datafield>
   <marc:datafield ind1=" " ind2=" " tag="653">
      <marc:subfield code="a">Andalusien Reiseführer 2020</marc:subfield>
   </marc:datafield>
   <marc:datafield ind1=" " ind2=" " tag="653">
      <marc:subfield code="a">Sevilla Sehenswürdigkeiten</marc:subfield>
   </marc:datafield>
   <marc:datafield ind1=" " ind2=" " tag="653">
      <marc:subfield code="a">Sehenswürdigkeiten Sevilla</marc:subfield>
   </marc:datafield>
   <marc:datafield ind1=" " ind2=" " tag="653">
      <marc:subfield code="a">Sevilla Urlaub</marc:subfield>
   </marc:datafield>
   <marc:datafield ind1=" " ind2=" " tag="653">
      <marc:subfield code="a">Sevilla Tipps</marc:subfield>
   </marc:datafield>
   <marc:datafield ind1=" " ind2=" " tag="653">
      <marc:subfield code="a">Sevilla Reise</marc:subfield>
   </marc:datafield>
   <marc:datafield ind1=" " ind2=" " tag="653">
      <marc:subfield code="a">Andalusien Urlaub</marc:subfield>
   </marc:datafield>
   <marc:datafield ind1=" " ind2=" " tag="653">
      <marc:subfield code="a">Andalusien Reise</marc:subfield>
   </marc:datafield>
   <marc:datafield ind1=" " ind2=" " tag="653">
      <marc:subfield code="a">Reise nach Andalusien</marc:subfield>
   </marc:datafield>
   <marc:datafield ind1=" " ind2=" " tag="653">
      <marc:subfield code="a">welcher Reiseführer für Andalusien</marc:subfield>
   </marc:datafield>
   <marc:datafield ind1=" " ind2=" " tag="653">
      <marc:subfield code="a">welcher Reiseführer für Sevilla</marc:subfield>
   </marc:datafield>
   <marc:datafield ind1=" " ind2=" " tag="653">
      <marc:subfield code="a">bester Reiseführer Andalusien</marc:subfield>
   </marc:datafield>
   <marc:datafield ind1=" " ind2=" " tag="653">
      <marc:subfield code="a">bester Reiseführer Sevilla</marc:subfield>
   </marc:datafield>
   <marc:datafield ind1=" " ind2=" " tag="653">
      <marc:subfield code="a">Reiseführer Empfehlung Sevilla</marc:subfield>
   </marc:datafield>
   <marc:datafield ind1=" " ind2=" " tag="653">
      <marc:subfield code="a">Reiseführer Empfehlung Andalusien</marc:subfield>
   </marc:datafield>
   <marc:datafield ind1=" " ind2=" " tag="653">
      <marc:subfield code="a">wohin in Sevilla</marc:subfield>
   </marc:datafield>
   <marc:datafield ind1=" " ind2=" " tag="653">
      <marc:subfield code="a">wohin in Andalusien</marc:subfield>
   </marc:datafield>
   <marc:datafield ind1=" " ind2=" " tag="653">
      <marc:subfield code="a">wo ist Andalusien am schönsten</marc:subfield>
   </marc:datafield>
   <marc:datafield ind1=" " ind2=" " tag="653">
      <marc:subfield code="a">Urlaub in Sevilla</marc:subfield>
   </marc:datafield>
   <marc:datafield ind1=" " ind2=" " tag="653">
      <marc:subfield code="a">Städtereise Sevilla</marc:subfield>
   </marc:datafield>
   <marc:datafield ind1=" " ind2=" " tag="653">
      <marc:subfield code="a">Urlaub in Andalusien</marc:subfield>
   </marc:datafield>
   <marc:datafield ind1=" " ind2=" " tag="653">
      <marc:subfield code="a">Andalusien entdecken</marc:subfield>
   </marc:datafield>
   <marc:datafield ind1=" " ind2=" " tag="653">
      <marc:subfield code="a">Reise nach Spanien</marc:subfield>
   </marc:datafield>
   <marc:datafield ind1=" " ind2=" " tag="653">
      <marc:subfield code="a">Wochenende in Sevilla</marc:subfield>
   </marc:datafield>
   <marc:datafield ind1=" " ind2=" " tag="653">
      <marc:subfield code="a">Tipps Andalusien</marc:subfield>
   </marc:datafield>
   <marc:datafield ind1=" " ind2=" " tag="653">
      <marc:subfield code="a">Stadtführer Sevilla</marc:subfield>
   </marc:datafield>
   <marc:datafield ind1=" " ind2=" " tag="653">
      <marc:subfield code="a">Wochenendtrip Sevilla</marc:subfield>
   </marc:datafield>
   <marc:datafield ind1=" " ind2=" " tag="653">
      <marc:subfield code="a">Urlaub Sevilla</marc:subfield>
   </marc:datafield>
   <marc:datafield ind1=" " ind2=" " tag="653">
      <marc:subfield code="a">Reise nach Sevilla</marc:subfield>
   </marc:datafield>
   <marc:datafield ind1=" " ind2=" " tag="653">
      <marc:subfield code="a">Tipps Sevilla</marc:subfield>
   </marc:datafield>
   <marc:datafield ind1=" " ind2=" " tag="653">
      <marc:subfield code="a">Jaén</marc:subfield>
   </marc:datafield>
   <marc:datafield ind1=" " ind2=" " tag="653">
      <marc:subfield code="a">Huelva</marc:subfield>
   </marc:datafield>
   <marc:datafield ind1=" " ind2=" " tag="653">
      <marc:subfield code="a">Stadtplan Sevilla</marc:subfield>
   </marc:datafield>
   <marc:datafield ind1=" " ind2=" " tag="653">
      <marc:subfield code="a">Wochenendtrip Andalusien</marc:subfield>
   </marc:datafield>
   <marc:datafield ind1=" " ind2=" " tag="653">
      <marc:subfield code="a">Sevilla entdecken</marc:subfield>
   </marc:datafield>
   <marc:datafield ind1=" " ind2=" " tag="653">
      <marc:subfield code="a">Almería</marc:subfield>
   </marc:datafield>
   <marc:datafield ind1=" " ind2=" " tag="653">
      <marc:subfield code="a">Reiseführer Spanien</marc:subfield>
   </marc:datafield>
   <marc:datafield ind1=" " ind2=" " tag="653">
      <marc:subfield code="a">Spanien</marc:subfield>
   </marc:datafield>
   <marc:datafield ind1=" " ind2=" " tag="653">
      <marc:subfield code="a">Städteführer Sevilla</marc:subfield>
   </marc:datafield>
   <marc:datafield ind1=" " ind2=" " tag="653">
      <marc:subfield code="a">Cádiz</marc:subfield>
   </marc:datafield>
   <marc:datafield ind1=" " ind2=" " tag="653">
      <marc:subfield code="a">Málaga</marc:subfield>
   </marc:datafield>
   <marc:datafield ind1=" " ind2=" " tag="653">
      <marc:subfield code="a">Südspanien</marc:subfield>
   </marc:datafield>
   <marc:datafield ind1=" " ind2=" " tag="653">
      <marc:subfield code="a">Granada</marc:subfield>
   </marc:datafield>
   <marc:datafield ind1=" " ind2=" " tag="653">
      <marc:subfield code="a">Córdoba</marc:subfield>
   </marc:datafield>
   <marc:datafield ind1=" " ind2=" " tag="653">
      <marc:subfield code="a">Softcover / Reisen/Reiseführer/Europa</marc:subfield>
   </marc:datafield>
   <marc:datafield ind1="0" ind2="0" tag="245">
      <marc:subfield code="a">Vis-à-Vis Reiseführer Sevilla &amp; Andalusien</marc:subfield>
   </marc:datafield>
   <marc:datafield ind1="0" ind2="0" tag="245">
      <marc:subfield code="b">mit Extra-Karte zum Herausnehmen</marc:subfield>
   </marc:datafield>
   <marc:datafield ind1=" " ind2="1" tag="264">
      <marc:subfield code="a">München</marc:subfield>
      <marc:subfield code="b">Dorling Kindersley Reiseführer</marc:subfield>
      <marc:subfield code="c">2020</marc:subfield>
   </marc:datafield>
   <marc:datafield ind1="1" ind2=" " tag="490">
      <marc:subfield code="a">Vis-à-Vis</marc:subfield>
   </marc:datafield>
   <marc:datafield ind1=" " ind2=" " tag="250">
      <marc:subfield code="a">18., aktualisierte Neuauflage 2020/2021</marc:subfield>
   </marc:datafield>
   <marc:datafield ind1="1" ind2=" " tag="520">
      <marc:subfield code="a">Angaben aus der Verlagsmeldung

Vis-à-Vis Reiseführer Sevilla &amp; Andalusien : mit Extra-Karte zum Herausnehmen

Auf nach Sevilla – hier und jetzt beginnt Ihre Reise!

Durch Sevillas romantische Gassen schlendern, die Alhambra in Granada besuchen oder an den Stränden der Costa del Sol entspannen – Sevilla und Andalusien sind einfach magisch. Mit ausführlichem Expertenwissen, den berühmten 3-D-Aufrisszeichnungen, einer wetterfesten Extra-Karte zum Herausnehmen und über 300 stimmungsvollen Fotos können Sie die Stadt und Region Ihrer Träume hautnah erleben. Dieser Reiseführer Sevilla &amp; Andalusien ist der ultimative Begleiter für alle Kulturinteressierten!

10 Gründe, Vis-à-Vis-Reiseführer zu lieben:

1. Unverwechselbar visuelles Konzept.

2. Inspirierende Fotos versetzen direkt ans Reiseziel.

3. Einzigartige 3-D-Aufrisszeichnungen der spannendsten Bauwerke und gezeichnete Spaziergänge durch die schönsten Stadtteile.

4. Atmosphärische Themenseiten zum Reiseziel: von Kultur bis Genuss.

5. Hohe Benutzerfreundlichkeit durch klare Struktur.

6. Alle Highlights und Sehenswürdigkeiten Viertel für Viertel und Region für Region.

7. Detaillierte Karten mit allen vor Ort wichtigen Infos.

8. Alles Wichtige für die Reiseplanung kompakt – mit wasserfester Karte zum Herausnehmen.

9. Mehr Reisekomfort durch geringeres Gewicht und hochwertige Verarbeitung.

10. Vis-à-Vis bietet in höchster Qualität, was Reisende über Kulturgeschichte und Lebensart wissen wollen.

Reiseführer Sevilla &amp; Andalusien – alle Buch-Highlights auf einen Blick:

• Sevilla und Andalusien warten auf Sie: Lassen Sie sich mit dem praktischen und informativen Reiseführer zu den schönsten Erlebnissen, Attraktionen und Sehenswürdigkeiten Sevillas und Andalusiens führen – ob eine authentische Flamenco-Show in Sevillas Triana besuchen, Große Flamingos im Parque Nacional de Doñana bestaunen oder einen Ausflug zum berühmten Affenfelsen im zu England gehörenden Gibraltar machen.

• Die schönsten Stadtteile: Die fabelhaftesten Orte stellen sich Ihnen im Reiseführer Sevilla &amp; Andalusien Viertel für Viertel und Region für Region in ihrer gesamten Pracht vor – mit fundierten und qualitativen Inhalten sowie unvergesslichen Highlights aus Kultur und Alltag. Von El Arenal mit dem Wahrzeichen Torre del Oro über Santa Cruz, La Macarena und Parque María Luisa bis nach Triana jenseits des Flusses. Andalusien präsentiert sich in den Regionen Huelva und Sevilla, Córdoba und Jaén, Cádiz und Málaga sowie Granada und Almería.

• Das Beste für Ihren Sevilla und Andalusien Urlaub: Ob für ein Wochenende, eine Woche oder länger – eine Reise in Spaniens Süden lohnt sich! Für alle, die nur wenig Zeit haben, Stadt und Region zu erkunden, gibt es facettenreiche Tipps, um das Beste aus ihrem Trip herauszuholen. Verschiedene Routenvorschläge helfen, die Zeit optimal zu nutzen und möglichst viele Attraktionen zu entdecken. Erkunden Sie beispielsweise Sevilla in 24 Stunden oder erfahren Sie, wie sie am besten zehn Tage in Andalusien gestalten können.

• Handgezeichnete 3-D-Aufrisszeichnungen: Absolute Highlights eröffnen die Stadtteilkapitel. Das Besondere: Statt sie nur zu beschreiben, werden sie in diesem Vis-à-Vis-Reiseführer großzügig in Szene gesetzt – mit sensationellen 3-D-Aufrisszeichnungen, die jedes Detail aus der Vogelperspektive zeigen. Sie bieten ganz neue und einmalige Einblicke in die Sehenswürdigkeiten Sevillas und Andalusiens – von der Kathedrale und dem Glockenturm La Giralda in Sevilla bis zu Granadas Alhambra.

• Ausgewählte Top-Themen: Auf den bildgewaltigen Themenseiten des Sevilla-Reiseführers stehen charakteristische Besonderheiten im Fokus. Erfahren Sie zum Beispiel Wissenswertes über die maurischen Wunderwerke Andalusiens, die Traumstrände oder den authentischen Flamenco-Tanz.

• Unvergessliche Spaziergänge: Entlang der beeindruckendsten Sehenswürdigkeiten spazieren und dabei alles Wichtige über Kirchen, Monumente, Museen oder Plätze erfahren: Handgezeichnete Spaziergänge nehmen Sie mit auf eine erlebnisreiche Route – zum Beispiel durch Santa Cruz, das romantischste Viertel Sevillas oder durch das Herzstück Córdobas, das alte, als Judería bekannte Judenviertel.

• Inspirierende Fotografien: Ob prachtvolle Bauwerke, traumhafte Landschaften oder goldene Sandstrände: Atmosphärische Sehnsuchtsbilder wecken Ihr Fernweh! Dank der wunderschönen und faszinierenden Fotos bringt Sie dieser Sevilla &amp; Andalusien-Reiseführer gedanklich schon beim Durchblättern direkt ans Reiseziel.

• Hohe Benutzerfreundlichkeit: Detaillierte, übersichtliche und große Karten ermöglichen es Ihnen, sich vor Ort zu orientieren. Sie weisen bereits auf einen Blick den Weg zu Restaurants, Hotels, Shops oder Sehenswürdigkeiten. Mit einer wetterfesten Extra-Karte zum Herausnehmen hält Sie selbst bei schlechtem Wetter nichts vom Sightseeing ab.

• Praktische Reiseplanung: Im Reiseführer Sevilla &amp; Andalusien finden Sie zusätzlich nützliche Informationen zu Themen wie Anreise, Gesundheit oder Mobilität vor Ort – und zwar übersichtlich auf einen Blick.

• Passt in jeden Rucksack: Ihr formschöner und hochwertiger Vis-à-Vis-Reiseführer ist ein echtes Leichtgewicht und lässt sich deshalb prima mitnehmen.

Sie sind auf der Suche nach Tipps für Ihre Sevilla und Andalusien Reise? Jetzt einfach den DK Vis-à-Vis Reiseführer Sevilla &amp; Andalusien aufschlagen und eintauchen – er entführt Sie mitten hinein ins Urlaubsziel.

</marc:subfield>
   </marc:datafield>
   <marc:datafield ind1=" " ind2=" " tag="020">
      <marc:subfield code="a">9783734202780</marc:subfield>
      <marc:subfield code="9">9783734202780</marc:subfield>
   </marc:datafield>
   <marc:datafield ind1=" " ind2=" " tag="020">
      <marc:subfield code="a">3734202787</marc:subfield>
      <marc:subfield code="9">3734202787</marc:subfield>
   </marc:datafield>
   <marc:datafield ind1=" " ind2=" " tag="041">
      <marc:subfield code="a">ger</marc:subfield>
   </marc:datafield>
   <marc:datafield ind1=" " ind2=" " tag="300">
      <marc:subfield code="a">256 Seiten in 1 Teil</marc:subfield>
   </marc:datafield>
</marc:record>
